[Event "XXXII Open"]
[Site "Barbera ESP"]
[Date "2009.07.05"]
[Round "2"]
[White "Perez Mitjans,O"]
[Black "Costa Trave,J"]
[Result "1-0"]
[WhiteElo "2404"]
[BlackElo "1981"]

1.e4 d5 2.exd5 Qxd5 3.Nc3 Qd8 4.d4 c6 5.Nf3 Nf6 6.Bc4 Bf5 7.Ne5 e6 8.g4 Bg6
9.h4 Bb4 10.f3 Nbd7 11.Qe2 Nb6 12.h5 Qxd4 13.hxg6 Bxc3+ 14.bxc3 Qxc3+ 15.Kf2 Nxc4
16.gxf7+ Kf8 17.Nxc4 Kxf7 18.Bb2 Qb4 19.Ba3 Qc3 20.Nd6+ Kg6 21.Qxe6 Qxc2+
22.Kg3 Rhf8 23.Qf5+  1-0

[Event "ch-IRL"]
[Site "Dublin IRL"]
[Date "2009.07.05"]
[Round "2"]
[White "Healy,J"]
[Black "Duffy,S"]
[Result "0-1"]
[WhiteElo "1859"]
[BlackElo "2078"]

1.e4 d5 2.exd5 Qxd5 3.Nc3 Qd6 4.d4 Nf6 5.Bc4 c6 6.Nge2 Bg4 7.f3 Bf5 8.Bf4 Qb4
9.Bb3 e6 10.Bd2 Qb6 11.Na4 Qc7 12.c4 Bd6 13.Rc1 Bxh2 14.f4 Ng4 15.Nac3 Qe7
16.g3 h5 17.Kf1 h4 18.Qe1 Bd3 19.gxh4 Rxh4 20.Kg2 Qf6 21.d5 Nd7 22.dxe6 Nc5
23.Nd4 Rh8 24.Nf3 Qh6 25.exf7+ Kxf7 26.Ng5+ Kf8 27.Qd1 Nf2 28.Kxf2 Qh4+ 29.Ke3 Qxf4+  0-1

[Event "37th Greek Teams"]
[Site "Kallithea GRE"]
[Date "2009.07.05"]
[Round "2"]
[White "Bojkov,D"]
[Black "Tiviakov,S"]
[Result "0-1"]
[WhiteElo "2521"]
[BlackElo "2674"]

1.e4 d5 2.exd5 Qxd5 3.Nc3 Qd6 4.d4 Nf6 5.Nf3 c6 6.Bd3 Bg4 7.Be3 e6 8.h3 Bh5
9.Qe2 Bg6 10.O-O-O Nbd7 11.Bxg6 hxg6 12.g3 Be7 13.a3 Qc7 14.Ne5 Nxe5 15.Bf4 Qa5
16.Qxe5 Qxe5 17.Bxe5 g5 18.Bxf6 Bxf6 19.Ne4 Be7 20.Kd2 f5 21.Nc5 Bxc5 22.dxc5 Rd8+
23.Ke2 Rxd1 24.Kxd1 Ke7 25.Ke2 e5 26.Ke3 Rd8 27.h4 Rh8 28.h5 g4 29.f3 gxf3
30.Kxf3 g6 31.g4 fxg4+ 32.Kxg4 Rxh5 33.Re1 Rf5 34.Re3 Kf6 35.Rd3 e4 36.Rd6+ Ke5
37.Rxg6 Rf1 38.Rd6 Rg1+ 39.Kh3 e3 40.Rd7 Rg6 41.Re7+ Kd4 42.a4 Rg5 43.a5 Rxc5
44.Kg3 Rxc2 45.Rxb7 a6 46.Rd7+ Ke4 47.b4 Rc1 48.Re7+ Kd3 49.Rd7+ Ke2 50.Re7 Rc3
51.Re6 Ke1 52.Kf3 e2+ 53.Kg2 Rd3 54.Re7 Rd6  0-1

[Event "37th Greek Teams"]
[Site "Kallithea GRE"]
[Date "2009.07.05"]
[Round "2"]
[White "Ketzetzis,G"]
[Black "Adamos,T"]
[Result "1-0"]
[WhiteElo "2222"]
[BlackElo "1782"]

1.e4 d5 2.exd5 Qxd5 3.Nc3 Qd6 4.d4 Nf6 5.Nf3 a6 6.g3 Bg4 7.Bg2 Nc6 8.O-O e6
9.h3 Bxf3 10.Qxf3 Rb8 11.Bf4 Qd7 12.Rad1 Bd6 13.d5 Ne5 14.Bxe5 Bxe5 15.Rfe1 Bd6
16.Ne4 Nxe4 17.dxe6 fxe6 18.Rxe4 Rf8 19.Qg4 Qf7 20.Qe2 e5 21.c4 Rd8 22.c5 Bxc5
23.Rxe5+ Be7 24.Re1 Rd7 25.Bxb7 Kd8 26.Bc6 Bd6 27.Re3 Re7 28.a4 a5 29.Qd2 Rxe3
30.Rxe3 Kc8 31.Rf3 Qc4 32.Rxf8+ Bxf8 33.Qd7+ Kb8 34.Qd8+ Ka7 35.Qxc7+  1-0

[Event "37th Greek Teams"]
[Site "Kallithea GRE"]
[Date "2009.07.05"]
[Round "3"]
[White "Ragger,M"]
[Black "Bosiocic,Mari"]
[Result "1/2-1/2"]
[WhiteElo "2563"]
[BlackElo "2551"]

1.e4 d5 2.exd5 Qxd5 3.Nc3 Qd6 4.d4 Nf6 5.Nf3 c6 6.Ne5 Nbd7 7.Bf4 Nd5 8.Nxd5 Qxd5
9.Qf3 Nxe5 10.Qxd5 cxd5 11.Bxe5 f6 12.Bg3 e6 13.Bd3 Bd7 14.h4 Be7 15.h5 O-O  1/2-1/2

[Event "ch-IRL"]
[Site "Dublin IRL"]
[Date "2009.07.06"]
[Round "4"]
[White "Murray,D"]
[Black "Duffy,S"]
[Result "1/2-1/2"]
[WhiteElo "1981"]
[BlackElo "2078"]

1.e4 d5 2.exd5 Qxd5 3.Nc3 Qd6 4.d4 Nf6 5.Nf3 c6 6.g3 Bg4 7.Bg2 e6 8.O-O Na6
9.a3 O-O-O 10.Qe2 h5 11.h3 Bxf3 12.Bxf3 h4 13.Bf4 Qd7 14.g4 Bd6 15.Bxd6 Qxd6
16.Rfd1 Nc7 17.Kg2 Rd7 18.Rd3 Rhd8 19.Rad1 Ncd5 20.Nxd5 Nxd5 21.Bxd5 Qxd5+
22.Qf3 Qc4 23.R1d2 f6 24.Qe4 e5 25.b3 Qd5 26.Kf3 exd4 27.Rxd4 Qxe4+ 28.Kxe4 Re8+
29.Kf3 Rde7  1/2-1/2

[Event "37th Greek Teams"]
[Site "Kallithea GRE"]
[Date "2009.07.06"]
[Round "6"]
[White "Georgiev,Kr"]
[Black "Tzermiadianos,An"]
[Result "1-0"]
[WhiteElo "2430"]
[BlackElo "2447"]

1.e4 d5 2.exd5 Qxd5 3.Nc3 Qd6 4.d4 Nf6 5.Nf3 g6 6.Nb5 Qb6 7.c3 c6 8.Na3 Bg7
9.Bc4 O-O 10.O-O Bg4 11.Bb3 Nbd7 12.Re1 Qd8 13.Nc4 Nd5 14.Bg5 b5 15.Ncd2 N7f6
16.h3 Bxf3 17.Nxf3 Qc7 18.a4 a6 19.Ne5 Qb7 20.Qf3 Rac8 21.Nd3 Ra8 22.Nc5 Qc7
23.Bh4 Rfe8 24.Bg3 Qc8 25.Ra2 e6 26.Rea1 b4 27.a5 bxc3 28.bxc3 h6 29.Rb2 Rd8
30.Rab1 Ne8 31.Bxd5 cxd5 32.Rb7 Nf6 33.Rc7  1-0

[Event "37th Greek Teams"]
[Site "Kallithea GRE"]
[Date "2009.07.06"]
[Round "6"]
[White "Rozentalis,E"]
[Black "Nevednichy,V"]
[Result "1/2-1/2"]
[WhiteElo "2588"]
[BlackElo "2570"]

1.e4 d5 2.exd5 Qxd5 3.Nc3 Qd6 4.d4 c6 5.g3 Nf6 6.Bf4 Qd8 7.Bg2 Bg4 8.Nf3 e6
9.h3 Bxf3 10.Qxf3 Qxd4 11.O-O Nbd7 12.Nb5 cxb5 13.Qxb7 Rd8 14.Bc7 Be7 15.Rad1  1/2-1/2

[Event "XXXII Open"]
[Site "Barbera ESP"]
[Date "2009.07.07"]
[Round "4"]
[White "Brookes,C"]
[Black "Avila Jimenez,J"]
[Result "0-1"]
[WhiteElo "2046"]
[BlackElo "2212"]

1.e4 d5 2.exd5 Qxd5 3.Nc3 Qd6 4.d4 Nf6 5.Bg5 a6 6.Qd2 Bg4 7.Nge2 Nbd7 8.f3 Bf5
9.O-O-O O-O-O 10.g4 Bg6 11.Bf4 Qb4 12.h4 h6 13.Bh2 e6 14.Nf4 Bh7 15.g5 Ne8
16.Bh3 Nd6 17.a3 Qb6 18.Qe2 hxg5 19.hxg5 Nf5 20.d5 e5 21.Bg1 Bc5 22.Bxc5 Qxc5
23.Nd3 Qd4 24.Rhg1 Kb8 25.Rde1 Rhe8 26.Nb4 Qf4+ 27.Kb1 Nd4 28.Nxa6+ bxa6
29.Qxa6 Nc5 30.Qa5 Bxc2+ 31.Ka2 Nb7 32.Qa6 Rd6 33.Qf1 Bb3+ 34.Kb1 Nxf3 35.Qb5 Red8
36.Rg4 Qf5+ 37.Ree4 Nd2+ 38.Ka1 Rb6 39.Qe2 Nxe4 40.Nxe4 Rxd5 41.Rh4 Qxh3  0-1

[Event "FSIMA July"]
[Site "Budapest HUN"]
[Date "2009.07.07"]
[Round "4"]
[White "Biro,S"]
[Black "Klein,Da"]
[Result "0-1"]
[WhiteElo "2312"]
[BlackElo "2236"]

1.e4 d5 2.exd5 Qxd5 3.Nc3 Qd6 4.d4 Nf6 5.g3 Bg4 6.f3 Bf5 7.Nge2 e6 8.Bg2 Nc6
9.Ne4 Nxe4 10.fxe4 Bg4 11.c3 h5 12.O-O h4 13.h3 Bxe2 14.Qxe2 Qxg3 15.Bf4 Qg6
16.d5 Nd8 17.Bxc7 Bc5+ 18.Kh1 O-O 19.b4 Bb6 20.Bd6 Re8 21.Qb5 f6 22.e5 fxe5
23.Bxe5 Nf7 24.d6 Qg5 25.d7 Rf8 26.Rfe1 Nxe5 27.Qxe5 Rf1+ 28.Rxf1 Qxe5 29.Rae1 Qc7
30.Rxe6 Qxd7 31.Re5 Rf8 32.Rfe1 Rf3 33.Re8+ Kh7 34.R8e6 Qd5  0-1

[Event "ch-BEL Expert"]
[Site "Namur BEL"]
[Date "2009.07.07"]
[Round "4"]
[White "Laurent,B"]
[Black "Vandenbussche,T"]
[Result "1-0"]
[WhiteElo "2339"]
[BlackElo "2282"]

1.e4 d5 2.exd5 Qxd5 3.Nc3 Qd6 4.d4 Nf6 5.Nf3 a6 6.g3 Bg4 7.Bg2 Nc6 8.O-O O-O-O
9.d5 Ne5 10.Bf4 Bxf3 11.Bxf3 Nxf3+ 12.Qxf3 e5 13.dxe6 Qxe6 14.Bg5 Bb4 15.Bxf6 gxf6
16.Rfe1 Qb6 17.Nd5 Rxd5 18.Qxd5 Bxe1 19.Rxe1 Qxb2 20.Qxf7 Kb8 21.Qg7 Rd8
22.Qxh7 Qxa2 23.h4 Qa5 24.Qe7 Rd5 25.c4 Rf5 26.Kg2 Qa2 27.Qe2 Qa5 28.Qe6 Rc5
29.Rb1 Qa4 30.Qe4 b6 31.Qf3 Rxc4 32.h5 Re4 33.h6 Re8 34.Rh1 Rh8 35.Rh4 Qd7
36.Qxf6 Qd5+ 37.Kh2 Rh7 38.Qg6 Qd7 39.Qe4 Qf7 40.Kg2 Qg8 41.Rg4 Qf7 42.Rf4 Qg8
43.Qf3 Rh8 44.Rf7 a5 45.h7 Qd8 46.Rg7 a4 47.Qf7 Kb7 48.Rg8 Rxh7 49.Qf3+  1-0

[Event "ch-IRL"]
[Site "Dublin IRL"]
[Date "2009.07.08"]
[Round "6"]
[White "Doyle,H"]
[Black "Duffy,S"]
[Result "1/2-1/2"]
[WhiteElo "1910"]
[BlackElo "2078"]

1.e4 d5 2.exd5 Qxd5 3.Nc3 Qd6 4.d4 Nf6 5.Bd3 c6 6.Nge2 Bg4 7.f3 Bh5 8.Bf4 Qd7
9.b4 e6 10.Rb1 Bd6 11.Qd2 Bg6 12.Ne4 Nxe4 13.fxe4 b5 14.c3 Na6 15.h4 f6 16.O-O O-O
17.Bxd6 Qxd6 18.a3 Rad8 19.Nc1 e5 20.Nb3 Bf7 21.Bc2 Kh8 22.Rbd1 Bxb3 23.Bxb3 exd4
24.Qxd4 Qe7 25.Qf2 Rxd1 26.Rxd1 Re8 27.Qf5 g6 28.Qd7 Qxe4 29.Qxa7 Qxh4  1/2-1/2

[Event "19th Heart of Finland Open"]
[Site "Jyvaskyla FIN"]
[Date "2009.07.08"]
[Round "3"]
[White "Ivanov,SA"]
[Black "Alho,S"]
[Result "1-0"]
[WhiteElo "2359"]
[BlackElo "2181"]

1.e4 d5 2.exd5 Qxd5 3.Nc3 Qd6 4.d4 Nf6 5.Bc4 a6 6.Nf3 e6 7.Bb3 Be7 8.Bg5 Nbd7
9.Qe2 O-O 10.O-O-O h6 11.Bh4 b5 12.Ne5 Bb7 13.f4 Nb6 14.Bg3 Nbd5 15.Ne4 Qd8
16.c3 Qc8 17.Nxf6+ Bxf6 18.Bc2 Bxe5 19.fxe5 Ne7 20.Bf4 Ng6 21.Be3 Qd8 22.h4 Re8
23.Qg4 Qd5 24.Rh3 Kh8 25.Rg3 Rg8 26.Qh5 Ne7 27.Qxf7 Nf5 28.Qg6 Bc6 29.Bxf5 exf5
30.Bxh6 Qd7  1-0

[Event "37th Greek Teams"]
[Site "Kallithea GRE"]
[Date "2009.07.08"]
[Round "8"]
[White "Kousidis,V"]
[Black "Kalogiannidis,I"]
[Result "0-1"]
[WhiteElo "1851"]
[BlackElo "2020"]

1.e4 d5 2.exd5 Qxd5 3.Nc3 Qd6 4.Bc4 Nf6 5.Nge2 e6 6.d3 a6 7.O-O b5 8.Bb3 Bb7
9.f3 Qb6+ 10.Kh1 Be7 11.Ng3 Nbd7 12.Qe2 c5 13.Be3 O-O 14.a4 Nd5 15.a5 Nxc3
16.bxc3 Qc7 17.Ne4 Nf6 18.c4 b4 19.Bd2 Nxe4 20.fxe4 Bf6 21.Rxf6 gxf6 22.Bh6 Kh8
23.Bxf8 Rxf8 24.Qf1 Qe5 25.Qf2 f5 26.exf5 Rg8 27.Rg1 exf5 28.Ba4 Rg5 29.Bd7 Rh5
30.h4 Qf6 31.Re1 Rxh4+ 32.Kg1 Rg4 33.Qxc5 Rxg2+ 34.Kf1 Rg8 35.Qxf5 Qxf5+
36.Bxf5 Rg5 37.Bd7 Rxa5 38.Re8+ Kg7 39.Rb8 Bf3 40.Rxb4 Ra2 41.Kf2 Bd1 42.Ke3 Rxc2
43.d4 a5 44.Rb1 Re2+ 45.Kd3 Bc2+ 46.Kxe2 Bxb1 47.c5 Kf6 48.d5 Ke5 49.d6 Kd5
50.Ba4 Bf5 51.d7 Bxd7 52.Bxd7 Kxc5 53.Be8 f6 54.Kf3 Kb4 55.Kg4 a4 56.Kf5 a3
57.Bf7 h5 58.Kf4 Kc3 59.Kg3 f5 60.Kf4 h4 61.Kf3 Kb2 62.Kg2 f4 63.Kh3 f3 64.Kh2 a2
65.Bxa2 Kxa2 66.Kg1 h3 67.Kh2 f2  0-1

[Event "37th Greek Teams"]
[Site "Kallithea GRE"]
[Date "2009.07.08"]
[Round "8"]
[White "Pambalos,P"]
[Black "Adamos,T"]
[Result "1-0"]
[WhiteElo "2136"]
[BlackElo "1782"]

1.e4 d5 2.exd5 Qxd5 3.Nc3 Qd6 4.Nf3 Nf6 5.Be2 a6 6.O-O b5 7.d4 Bb7 8.Be3 e6
9.a4 b4 10.Na2 Be7 11.c4 bxc3 12.bxc3 O-O 13.Nc1 Nbd7 14.Nd3 Nd5 15.Bd2 c5
16.Rb1 Bc8 17.c4 N5f6 18.Bf4 Qc6 19.Nd2 Ne4 20.Nxe4 Qxe4 21.Bf3 Qxd4 22.Bxa8 Nf6
23.Be3 Qxc4 24.Ne5 Qh4 25.Nc6 Ng4 26.Nxe7+ Kh8 27.Bf4 e5 28.Bg3 Qxe7 29.h3 Nf6
30.Bf3 Bf5 31.Rb7 Qe8 32.Qd6 e4 33.Bg4 Nxg4 34.hxg4 Bxg4 35.Rfb1 e3 36.Qxf8+ Qxf8
37.Rb8 Bc8 38.fxe3 Qd8 39.Rxc8 Qxc8 40.Rb8 Qg8 41.Kf2 Qxb8 42.Bxb8 h5 43.Ke2 c4
44.Kd2 g5 45.Kc3 Kg7 46.Kxc4 Kf6 47.e4 g4 48.g3 Ke6 49.Kc5 f5 50.exf5+ Kxf5
51.Kb6 h4 52.gxh4 Kg6 53.Kxa6 Kh5 54.Bg3  1-0

[Event "ch-SUI"]
[Site "Graechen SUI"]
[Date "2009.07.09"]
[Round "1"]
[White "Ghattour,M"]
[Black "Ekstroem,R"]
[Result "1/2-1/2"]
[WhiteElo "2008"]
[BlackElo "2482"]

1.e4 d5 2.exd5 Qxd5 3.Nc3 Qd6 4.d4 Nf6 5.Nf3 c6 6.Ne5 Nbd7 7.Nc4 Qc7 8.Qf3 Nb6
9.Bf4 Qd8 10.Be5 Be6 11.Ne3 Nfd5 12.Ncxd5 Nxd5 13.c3 f6 14.Bg3 g6 15.Bd3 Bg7
16.h4 Nxe3  1/2-1/2

[Event "19th Heart of Finland Open"]
[Site "Jyvaskyla FIN"]
[Date "2009.07.09"]
[Round "4"]
[White "Valner,U"]
[Black "Koskinen,V"]
[Result "1-0"]
[WhiteElo "2176"]
[BlackElo "2006"]

1.e4 d5 2.exd5 Qxd5 3.Nc3 Qd6 4.d4 Nf6 5.Bd3 a6 6.Nge2 Nc6 7.Bf4 e5 8.Bg3 Nxd4
9.Nxd4 Qxd4 10.Qe2 Be6 11.O-O-O Qc5 12.Bxe5 Nd7 13.Bg3 Be7 14.Ne4 Qc6 15.Kb1 O-O
16.h4 Rfe8 17.Qh5 g6 18.Qa5 b6 19.Qc3 Qxc3 20.Nxc3 c6 21.Be4 Rec8 22.Bf3 Ra7
23.Rhe1 Bb4 24.Re3 Bf8 25.Ne4 Bg7 26.Nd6 Rf8 27.Bxc6 Nf6 28.f3 b5 29.Ne4 Bf5
30.Rd6 Ne8 31.Bxe8  1-0

[Event "Ch-Paris Int"]
[Site "Coubertin FRA"]
[Date "2009.07.10"]
[Round "7"]
[White "Sorbe,S"]
[Black "Rabineau,C"]
[Result "0-1"]
[WhiteElo "2365"]
[BlackElo "2263"]

1.e4 d5 2.exd5 Qxd5 3.Nc3 Qd6 4.d4 Nf6 5.Nf3 a6 6.g3 Bg4 7.h3 Bxf3 8.Qxf3 c6
9.Bg2 Qxd4 10.O-O Nbd7 11.Rd1 Qb6 12.Be3 Qc7 13.g4 h6 14.Bf4 e5 15.Bg3 Bd6
16.Qd3 Be7 17.Qc4 O-O 18.h4 Nc5 19.Qe2 Nfd7 20.Bf1 Ne6 21.Rd2 Bb4 22.Qe4 Bxc3
23.bxc3 Rad8 24.Bd3 Nf6 25.Qf5 Nf4 26.Bxf4 exf4 27.g5 hxg5 28.hxg5 Rd5 29.Qh3 Rxg5+
30.Kf1 Re8 31.Re2 Rge5 32.Rae1 Rxe2 33.Rxe2 Rxe2 34.Kxe2 Qd7 35.Qh2 Qd6 36.Kf1 Qe5
37.Qh3 Qe6 38.Qh4 Qg4 39.Qxg4 Nxg4 40.Bf5 Ne5 41.Bc8 b6 42.Bxa6 Kf8 43.Ke2 Ke7
44.c4 Kd6 45.c3 Kc5  0-1

[Event "8th Open"]
[Site "La Fere FRA"]
[Date "2009.07.10"]
[Round "8"]
[White "Mataigne,J"]
[Black "Pytel,K"]
[Result "1/2-1/2"]
[WhiteElo "2053"]
[BlackElo "2383"]

1.e4 d5 2.exd5 Qxd5 3.Nc3 Qd6 4.d4 Nf6 5.Nf3 c6 6.Ne5 Nbd7 7.Nc4 Qc7 8.Qf3 Nb6
9.Ne5 Be6 10.Bf4 Qd8 11.Rd1 g6 12.Be2 Bg7 13.O-O O-O 14.g4 Nbd5 15.Nxd5 cxd5
16.Qe3 Qb6 17.h4 Rac8 18.Bd3 Nxg4 19.Nxg4 Bxg4 20.Rde1 Rfe8 21.Qg3 Bh5 22.c3 Qxb2
23.Rb1 Qxc3 24.Rxb7 Bxd4 25.Rc1 Qa3 26.Rxc8 Rxc8 27.Bh6 f6 28.Qh3 f5 29.Bxf5 Qxh3
30.Bxh3 Re8 31.Be6+ Kh8 32.Bxd5 Bf6 33.Rxa7 Bxh4 34.a4 g5 35.a5 e6 36.Be4 Rc8
37.Rxh7+ Kg8 38.Rg7+ Kh8 39.Rh7+ Kg8 40.Bxg5 Bxg5 41.Rxh5 Bf6 42.Rb5 Bd4
43.Kg2 Rc3 44.Rb4 Bc5 45.Ra4 Ra3  1/2-1/2

[Event "XXXII Open"]
[Site "Barbera ESP"]
[Date "2009.07.11"]
[Round "8"]
[White "Garcia Gil,Ja"]
[Black "Costa Trave,J"]
[Result "1-0"]
[WhiteElo "2203"]
[BlackElo "1981"]

1.e4 d5 2.exd5 Qxd5 3.Nc3 Qd8 4.d4 c6 5.Nf3 Nf6 6.Bg5 Bf5 7.Bd3 Bg6 8.Bxg6 hxg6
9.Qe2 e6 10.O-O-O Be7 11.Kb1 Nbd7 12.Ne5 Nb6 13.h4 Qc7 14.g4 Rf8 15.Rhe1 Bd6
16.d5 Nbxd5 17.Nxd5 cxd5 18.Qb5+ Kd8 19.f4 a6 20.Qb3 Ke8 21.c4 Bxe5 22.cxd5 Nxd5
23.Rxd5 Bf6 24.f5 gxf5 25.gxf5 Qc6 26.fxe6 fxe6 27.Rd6 Qxd6 28.Rxe6+ Kd7
29.Rxd6+ Kxd6 30.Bf4+ Ke7 31.Qxb7+ Ke6 32.Qe4+ Kf7 33.h5 Rfd8 34.Qc4+ Ke7
35.Bc7 Re8 36.Qd5 Rec8 37.Bd6+ Kd7 38.Bb8+  1-0

[Event "61st ch-MNE"]
[Site "Cetinje MNE"]
[Date "2009.07.11"]
[Round "2"]
[White "Benderac,S"]
[Black "Djukic,Ni"]
[Result "0-1"]
[WhiteElo "2373"]
[BlackElo "2491"]

1.e4 d5 2.exd5 Qxd5 3.Nc3 Qd8 4.d4 Nf6 5.Bg5 h6 6.Bxf6 exf6 7.Bd3 Be7 8.Nge2 O-O
9.O-O f5 10.Bc4 a6 11.a4 Nc6 12.Re1 Bd6 13.Qd2 Bd7 14.Rad1 Qh4 15.g3 Qg4
16.Bd5 Rae8 17.Bg2 Qg5 18.Nf4 Bxf4 19.gxf4 Rxe1+ 20.Rxe1 Qf6 21.d5 Ne7 22.d6 cxd6
23.Bxb7 Ng6 24.Bg2 Be6 25.h3 Qh4 26.Ne2 Bc4 27.Ng3 Nxf4 28.Qxd6 Nxh3+ 29.Bxh3 Qxh3
30.Qe5 Be6 31.Rd1 Bc8 32.Qc7 Qh4 33.Ne2 Qg4+ 34.Kf1 Re8 35.Rd2 Qe4 36.b3 f4  0-1

[Event "Ch-Paris Int"]
[Site "Coubertin FRA"]
[Date "2009.07.12"]
[Round "9"]
[White "Aranovitch,E"]
[Black "Rabineau,C"]
[Result "1-0"]
[WhiteElo "2356"]
[BlackElo "2263"]

1.e4 d5 2.exd5 Qxd5 3.Nc3 Qd6 4.d4 Nf6 5.Nf3 a6 6.Be2 e6 7.O-O b5 8.Ne5 Bb7
9.Bf3 Bxf3 10.Qxf3 c6 11.Bf4 Nd5 12.Bg3 Ra7 13.Ng6 hxg6 14.Bxd6 Bxd6 15.h3 Nd7
16.Ne4 Bb8 17.Rfe1 N7f6 18.c3 Rh4 19.b3 Rxe4 20.Rxe4 Nxe4 21.Qxe4 Kd7 22.c4 Nf6
23.Qc2 Bd6 24.Rc1 Rc7 25.Qd2 Ba3 26.Rd1 b4 27.Qf4 Kc8 28.g4 Rd7 29.Qf3 Kc7
30.g5 Ne8 31.d5 cxd5 32.cxd5 exd5 33.Rxd5 Rxd5 34.Qxd5 Nd6 35.Kg2 Kd7 36.Qd4 a5
37.Qxg7 Bc1 38.h4 Bd2 39.Qe5  1-0

[Event "19th Heart of Finland Open"]
[Site "Jyvaskyla FIN"]
[Date "2009.07.12"]
[Round "9"]
[White "Valli,F"]
[Black "Pohjala,H"]
[Result "1-0"]
[WhiteElo "2188"]
[BlackElo "2135"]

1.e4 d5 2.exd5 Qxd5 3.Nc3 Qd6 4.d4 c6 5.g3 Nf6 6.Bf4 Qd8 7.Bc4 e6 8.Nf3 Bd6
9.Ne5 O-O 10.Qf3 Nd5 11.Bd2 Nd7 12.Nxd7 Bxd7 13.Ne4 Be7 14.O-O-O b5 15.Bb3 a5
16.c3 Qb6 17.Bc2 f5 18.Ng5 c5 19.dxc5 Qxc5 20.Rhe1 Bxg5 21.Bxg5 b4 22.Be3 Qb5
23.Bd3 Qb8 24.c4 Rc8 25.Bd4 Nb6 26.Kb1 Nxc4 27.Bxc4 Rxc4 28.Bxg7 Bc6 29.Qh5 Kxg7
30.Qg5+ Kf7 31.Qh5+ Kg7 32.Rxe6 Kh8 33.Qxf5 Qf8 34.Qd3 Qf3 35.Re3 Qf7 36.b3 Rc3
37.Qd4+ Qg7 38.Qd8+ Qg8 39.Qf6+ Qg7 40.Rd8+ Rxd8 41.Qxd8+ Qg8 42.Qf6+ Qg7
43.Qd8+ Qg8 44.Qxg8+ Kxg8 45.Rxc3 bxc3 46.Kc2 Kf7 47.Kxc3 Ke6 48.Kd4 Kd6
49.a3 h5 50.b4 axb4 51.axb4 Bb7 52.f4 Ke6 53.b5 Kf5 54.Kc5 h4 55.Kd6 h3 56.b6 Be4
57.Kc7 Kg4 58.b7 Bxb7 59.Kxb7 Kf3 60.f5 Kg2 61.f6 Kxh2 62.f7 Kxg3 63.f8=Q Kg2
64.Qg7+ Kh1 65.Qf6  1-0

[Event "6th South Wales Int"]
[Site "Treforest WLS"]
[Date "2009.07.12"]
[Round "3"]
[White "Salimbeni,G"]
[Black "Robinson,Dav"]
[Result "1-0"]
[WhiteElo "2115"]
[BlackElo "1980"]

1.e4 d5 2.exd5 Qxd5 3.Nc3 Qd6 4.d4 g6 5.Nf3 Bg7 6.Bc4 Nf6 7.O-O O-O 8.h3 a6
9.a4 Nc6 10.Re1 Rd8 11.Qe2 e6 12.Bg5 Bd7 13.Ne4 Nxe4 14.Bxd8 f5 15.Bh4 g5
16.Nxg5 Nxd4 17.Qd1 Qf4 18.Nxe4 Qxh4 19.c3 fxe4 20.cxd4 Rf8 21.Qd2 Kh8 22.Qe3 e5
23.d5 Bh6 24.Qg3 Qf6 25.Rxe4 Bf4 26.Qf3 Bf5 27.Rxf4 exf4 28.Qxf4 Qxb2 29.Re1 Qg7
30.Qh4 Bc2 31.Re7 Qc3 32.Kh2 Bg6 33.Rxc7 Bd3 34.d6 Bxc4 35.Qxh7+  1-0

[Event "32nd Aegean Open"]
[Site "Aghios Kirykos GRE"]
[Date "2009.07.14"]
[Round "4"]
[White "Hrabinska,M"]
[Black "Kalogiannidis,I"]
[Result "1-0"]
[WhiteElo "2267"]
[BlackElo "2020"]

1.e4 d5 2.exd5 Qxd5 3.Nc3 Qd6 4.d4 Nf6 5.Nf3 a6 6.Ne5 Nc6 7.Bf4 Ng4 8.Bc4 Ngxe5
9.dxe5 Nxe5 10.Bxf7+ Kxf7 11.Qh5+ g6 12.Qxe5 Qxe5+ 13.Bxe5 Bg7 14.Bxg7 Kxg7
15.O-O-O Bf5 16.Rhe1 Kf7 17.Rd4 Rad8 18.Rf4 Ke8 19.g4 Bc8 20.Ne4 e6 21.g5 Ke7
22.Rh4 Rd5 23.Re3 h5 24.gxh6 Rh5 25.Rxh5 gxh5 26.Rg3 Rxh6 27.Rg7+ Kd8 28.Rg8+ Kd7
29.Nc5+ Kc6 30.Nd3  1-0

[Event "ch-PUR"]
[Site "Caguas PUR"]
[Date "2009.07.15"]
[Round "3"]
[White "Ovalle,R"]
[Black "Bermudez Adams,W"]
[Result "1-0"]
[WhiteElo "2148"]
[BlackElo "2149"]

1.e4 d5 2.exd5 Qxd5 3.Nc3 Qd8 4.d4 Nf6 5.Bc4 c6 6.Nf3 e6 7.Qe2 Be7 8.Bd2 Nbd7
9.O-O-O Nb6 10.Bd3 Qc7 11.Ne5 Nbd5 12.Ne4 Nxe4 13.Bxe4 Nf6 14.Bd3 a6 15.g4 Nd7
16.Bf4 Qa5 17.Nc4 Qd8 18.Nd6+ Bxd6 19.Bxd6 Qa5 20.Bc4 Nb6 21.Bb3 Bd7 22.h4 O-O-O
23.Qf3 f6 24.Rhe1 Rhe8 25.Bg3 e5 26.dxe5 fxe5 27.Qf7 Bxg4 28.Rxd8+ Rxd8 29.c3 Nd7
30.f3 Bh3 31.Be6 Bxe6 32.Qxe6 Kb8 33.Rd1 Qc7 34.Rd6 Qb6 35.Kc2 Kc7 36.Rd2 Qc5
37.b4 Qf8 38.a4 Qf6 39.Rxd7+  1-0

[Event "ch-SUI"]
[Site "Graechen SUI"]
[Date "2009.07.15"]
[Round "7"]
[White "Burnier,D"]
[Black "Schneider,Marc"]
[Result "1-0"]
[WhiteElo "2300"]
[BlackElo "2141"]

1.e4 d5 2.exd5 Qxd5 3.Nc3 Qd6 4.d4 Nf6 5.h3 c6 6.Nf3 Bf5 7.Bc4 e6 8.O-O Nbd7
9.Re1 Be7 10.Ne2 Qc7 11.Bf4 Bd6 12.Bxd6 Qxd6 13.Ng3 Bg6 14.c3 O-O 15.Qb3 Qc7
16.Rad1 h6 17.Rd2 Rad8 18.Qd1 Rfe8 19.Ne5 Nxe5 20.dxe5 Rxd2 21.Qxd2 Rd8 22.Qe3 Nd7
23.Rd1 Nb6 24.Rxd8+ Qxd8 25.Be2 a6 26.c4 Na4 27.b3 Nb2 28.Qc3 Nd3 29.Bxd3 Qxd3
30.Qxd3 Bxd3 31.c5 a5 32.f4 Kf8 33.Kf2 Bb1 34.a3 Ba2 35.b4 axb4 36.axb4 Bd5
37.Nh5 Be4 38.Ng3 Bd5 39.Nf1 Ke7 40.Ne3 Bb3 41.Ke2 f6 42.Kd2 fxe5 43.fxe5 Kd7
44.Kc3 Ba2 45.g3 Kc7 46.Ng2 Kd7 47.Nf4 Ke7 48.h4 Bd5 49.Kb2 Be4 50.Ka3 Bc2
51.Ng2 Kd7 52.Ne3 Bd3 53.Ka4 Kc7 54.Ka5 Be2 55.Nc2 Bd3 56.Nd4 Bc4 57.Nf3 Bb3
58.Nd2 Bd5 59.Nb1 Be4 60.Nc3 Bd3 61.Na4 Bb5 62.Nb6 Bd3 63.Na4 Bb5 64.Nc3 Bd3
65.Nd1 Be2 66.Nf2 Bf3 67.Nh3 Bd1 68.Nf4 Bg4 69.b5 g5 70.hxg5 hxg5 71.b6+ Kd7
72.Nd3 Bf3 73.Kb4 Ke7 74.Nb2 Bd5 75.Nd1 Kf7 76.Ne3 Kg6 77.Ng4 Bf3 78.Nf6 Kf7
79.Kc3 Bd5 80.Kd2 Bf3 81.Ke3 Bd5 82.Kf2 Bh1 83.Ng4 Kg6 84.Ne3 Bd5 85.Kg1 Kh5
86.Kh2 g4 87.Kg1 Kg5 88.Kf2 Bb3 89.Ke1 Bd5 90.Kd2 Bb3 91.Kc3 Bd5 92.Kd4 Bb3
93.Ng2 Bd5 94.Nf4 Bb3 95.Nd3 Ba2 96.Nb4 Bd5 97.Na6 Kg6 98.Nc7 Kf7 99.Ke3 Ke7
100.Kf4 Bf3 101.Na6 Kf7 102.Kg5 Be2 103.Nb4 Bf3 104.Nc2 Kg7 105.Ne3 Be2 106.Nc2 Bd1
107.Na3 Be2 108.Nb1 Kf7 109.Nd2 Ke7 110.Ne4  1-0

[Event "Corporation Centre Cup"]
[Site "Izhevsk RUS"]
[Date "2009.07.15"]
[Round "1"]
[White "Bronnikov,K1"]
[Black "Shibanov,V"]
[Result "1-0"]
[WhiteElo "2249"]
[BlackElo "1844"]

1.e4 d5 2.exd5 Qxd5 3.Nc3 Qd6 4.Bc4 Nf6 5.d4 g6 6.Nge2 Bg7 7.Bf4 Qb6 8.Qd2 a6
9.f3 Bf5 10.O-O-O h5 11.Ng3 Qa5 12.Rhe1 Nc6 13.d5 O-O-O 14.Nxf5 gxf5 15.Qf2 Nb4
16.Rxe7 Nfxd5 17.Qa7 Nc6 18.Qa8+ Nb8 19.Bxd5 Rxd5 20.Rxd5 Bxc3 21.Rxa5 Bxa5
22.Be3  1-0

[Event "Corporation Centre Cup"]
[Site "Izhevsk RUS"]
[Date "2009.07.16"]
[Round "2"]
[White "Severiukhina,Z"]
[Black "Ponkratov,P"]
[Result "0-1"]
[WhiteElo "2340"]
[BlackElo "2564"]

1.e4 d5 2.exd5 Qxd5 3.Nc3 Qd6 4.d4 Nf6 5.Nf3 c6 6.Ne5 Nbd7 7.Nc4 Qc7 8.Qf3 Nb6
9.Ne5 Be6 10.Bf4 Nbd5 11.Bg3 Qb6 12.O-O-O g6 13.Bc4 Bh6+ 14.Kb1 O-O 15.Rhe1 Qa5
16.Nxd5 cxd5 17.Bb3 Ne4 18.Bf4 Bg7 19.Qe2 Qb6 20.f3 Nf6 21.g4 Rfc8 22.h4 a5
23.a4 Qa6 24.h5 Qxe2 25.Rxe2 gxh5 26.g5 Ne8 27.Rh1 Nd6 28.Rxh5 b5 29.c3 b4
30.cxb4 axb4 31.Bc2 Bf5 32.Bxf5 Nxf5 33.Ng4 Rxa4 34.Nh6+ Nxh6 35.gxh6 Bf6
36.Be5 b3 37.Bxf6 Ra1+  0-1

[Event "ch-PUR"]
[Site "Caguas PUR"]
[Date "2009.07.17"]
[Round "4"]
[White "Santana Alvarado,M"]
[Black "Montanez Nazario,R"]
[Result "1-0"]
[WhiteElo "2159"]
[BlackElo "2081"]

1.e4 d5 2.exd5 Qxd5 3.Nc3 Qd6 4.d4 Nf6 5.Nf3 a6 6.Bc4 b5 7.Bb3 Bb7 8.Ne5 e6
9.Bf4 Qb6 10.d5 Bc5 11.Qe2 O-O 12.dxe6 fxe6 13.O-O-O Nd5 14.Nxd5 exd5 15.Rxd5 Bxd5
16.Bxd5+ Kh8 17.Nf7+ Rxf7 18.Bxf7 Nc6 19.Re1 Rf8 20.Qe8 Nd8 21.Re7 Ne6 22.Bxe6 Rg8
23.Be5  1-0

[Event "ch-SUI"]
[Site "Graechen SUI"]
[Date "2009.07.17"]
[Round "9"]
[White "Schmid,W"]
[Black "Schneider,Marc"]
[Result "1-0"]
[WhiteElo "2246"]
[BlackElo "2141"]

1.e4 d5 2.exd5 Qxd5 3.Nc3 Qd6 4.d4 Nf6 5.Nf3 c6 6.Bc4 Bg4 7.Be3 e6 8.Bb3 Nbd7
9.h3 Bh5 10.Qe2 Be7 11.O-O-O Qc7 12.Rhe1 O-O-O 13.Kb1 Rhe8 14.g4 Bg6 15.Bg5 Qa5
16.Bd2 Qc7 17.Ne5 Nxe5 18.dxe5 Nd5 19.f4 Nxc3+ 20.Bxc3 Rxd1+ 21.Rxd1 Rd8
22.Rf1 Qd7 23.a3 c5 24.f5 exf5 25.e6 Qc6 26.gxf5 c4 27.Ba2 Bxf5 28.Rxf5 Qe4
29.Qxc4+  1-0

[Event "ch-PUR"]
[Site "Caguas PUR"]
[Date "2009.07.18"]
[Round "5"]
[White "Montanez Nazario,R"]
[Black "Bermudez Adams,W"]
[Result "0-1"]
[WhiteElo "2081"]
[BlackElo "2149"]

1.e4 d5 2.exd5 Qxd5 3.Nc3 Qd6 4.d4 Nf6 5.Nf3 Bg4 6.Nb5 Qd8 7.Bf4 Nd5 8.Bc4 Na6
9.h3 Bh5 10.g4 Nxf4 11.gxh5 c6 12.Qd2 Nd5 13.O-O-O e6 14.Rhe1 Be7 15.Nc3 Nxc3
16.bxc3 Qb6 17.Bb3 Nc7 18.Ne5 Nd5 19.Kb2 a5 20.a4 Qc7 21.Qd3 O-O 22.Rg1 Bf6
23.Ng4 Qe7 24.Qf3 Bh4 25.c4 Nc7 26.c3 b5 27.Qxc6 bxc4 28.Bxc4 Rfc8 29.Qg2 g6
30.hxg6 hxg6 31.Ne5 Bf6 32.Rde1 Rab8+ 33.Kc2 Bxe5 34.Rxe5 Nd5 35.Bxd5 Rxc3+
36.Kd2 Qb4 37.Rb1 Qxd4+  0-1

[Event "ch-SCO"]
[Site "Edinburgh SCO"]
[Date "2009.07.18"]
[Round "8"]
[White "McDonald,I"]
[Black "Montgomery,R"]
[Result "1-0"]
[WhiteElo "1545"]
[BlackElo "1944"]

1.e4 d5 2.exd5 Qxd5 3.Nc3 Qd6 4.Nf3 Nf6 5.d3 a6 6.Be3 b5 7.Be2 Bb7 8.Qd2 e6
9.Bf4 Qd8 10.O-O Be7 11.Ne5 Nbd7 12.Qe3 Nxe5 13.Bxe5 Bd6 14.Bxd6 Qxd6 15.Ne4 Nxe4
16.dxe4 Qb4 17.Bd3 Qxb2 18.Qc5 O-O-O 19.a4 Qd4 20.Qh5 g6 21.Qe2 Qc3 22.axb5 axb5
23.Bxb5 Rd2 24.Qg4 Rhd8 25.Bd3 f5 26.Qh3 Qd4 27.Rad1  1-0